| 000 | 00788nam a2200241 a 4500 | ||
|---|---|---|---|
| 005 | 20240815063724.0 | ||
| 008 | 140821s2010 mx r 000 0 spa d | ||
| 020 | _a9786074696028 (SEP) | ||
| 020 | _a9786077633105 (Juventud) | ||
| 035 | _aUPN01000199009 | ||
| 049 | _aI | ||
| 050 | 4 |
_aQL751 _bB4.3 |
|
| 100 | 1 |
_aBertolucci, Cristiano, _d1967- _935769 |
|
| 245 | 1 | 0 |
_aDía y noche / _cCristano Bertolucci, Francesco Milo ; il. Ferruccio Cucchiarini. |
| 260 |
_aMéxico : _bSEP : _bJuventud, _c2010. |
||
| 300 |
_a27 p. : _bil. col. |
||
| 440 | 0 |
_aLibro del rincón. _pAstrolabio |
|
| 534 |
_pTitulo original: _tGiorno e notte |
||
| 650 | 4 |
_aAnimales _xHábitos y comportamiento _91059 |
|
| 700 | 1 |
_aMilo, Francesco, _d1962- _ecoaut. _935964 |
|
| 905 | _aInfantil | ||
| 999 |
_c171110 _d171110 |
||